000 00578 a2200205 4500
003 Nust
005 20170207154043.0
020 _a0-415-28470-8
040 _cNust
082 0 4 _a230
100 1 _aAkbar, M. J.
245 0 4 _aThe shade of swords (E-BOOK)
_bjihad and the conflict between Islam and Christianity /
_cM. J. Akbar
260 _aLondon :
_bRoutledge,
_c2002
300 _axx, 272 s.
650 7 _aChristianity and other religions
_xIslam
650 7 _aJihad
650 7 _aJihad (heligt krig)
650 7 _aKristendom och islam
651 _aThe shade of swords (E-BOOK)
942 _2ddc
_cBK
999 _c192747
_d192747